Doterajší vývoj a súčasná hospodárska situácia Haiti bakalárska práca

Uložené v:
Podrobná bibliografia
Hlavný autor: Szabóová, Alica
Korporativný autor: Fakulta medzinárodných vzťahov EU. Katedra medzinárodných ekonomických vzťahov a hospodárskej diplomacie
Ďalší autori: Grančay, Martin, 1984-2024
Médium: Kniha
Jazyk:Slovak
Vydavateľské údaje: Bratislava 2010
Tagy: Pridať tag
Žiadne tagy, Buďte prvý, kto otaguje tento záznam!

MARC

LEADER 00000nam$a2200000$$$4500
001 0137117
005 20240320074041.4
041 0 |a slo 
044 |a SK 
245 1 0 |a Doterajší vývoj a súčasná hospodárska situácia Haiti  |b bakalárska práca  |c Alica Szabóová ; školiteľ: Martin Grančay 
264 1 |a Bratislava  |c 2010 
300 |a 46 s. 
100 1 |a Szabóová, Alica 
700 1 |a Grančay, Martin, 1984-2024 
710 2 |a Fakulta medzinárodných vzťahov EU. Katedra medzinárodných ekonomických vzťahov a hospodárskej diplomacie